Random Asian Countries - Map Quiz #2 - Statistics

General Stats
  • This quiz has been taken 22 times
  • The average score is 11 of 12
Answers on the Map
Answers color-coded by a green-red scale on the quiz's map according to % correct below.
 
Answer Stats
Answer % Correct
South Korea
100%
Cambodia
93%
China
93%
India
93%
Iran
93%
Laos
93%
Pakistan
93%
Syria
93%
Vietnam
87%
Bahrain
80%
Kuwait
80%
Qatar
53%
No matching quizzes found
Score Distribution
Percent of People with Each Score
Percentile by Number Answered
Your Score History
You have not taken this quiz